[Event "PRO League Group Stage"]
[Site "chess.com INT"]
[Date "2018.01.31"]
[Round "3"]
[White "Ostrovskiy, Andrey"]
[Black "Clarke, Brandon G I"]
[Result "1/2-1/2"]
[WhiteTitle "IM"]
[BlackTitle "FM"]
[WhiteElo "2448"]
[BlackElo "2360"]
[WhiteTeam "Las Vegas Desert Rats"]
[BlackTeam "Australia Kangaroos"]
[WhiteFideId "14110326"]
[BlackFideId "400319"]
[EventDate "2018.01.18"]

1. e4 c5 2. Nf3 d6 3. d4 Nf6 4. Nc3 cxd4 5. Nxd4 a6 6. h3 e5 7. Nde2 h5 8. Bg5
Be6 9. Bxf6 Qxf6 10. Nd5 Qd8 11. Nec3 g6 12. Bc4 Nc6 13. O-O Bg7 14. Qd3 O-O 15.
Ne3 Nd4 16. Ncd5 b5 17. Bb3 Qg5 18. Kh1 Qh4 19. c3 Nxb3 20. axb3 Ra7 21. f4 Bxh3
22. gxh3 Qxh3+ 23. Kg1 Qg3+ 24. Kh1 Qh3+ 25. Kg1 Qg3+ 26. Kh1 Qh3+ 27. Kg1 Qg3+ 1/2-1/2

[Event "PRO League Group Stage"]
[Site "chess.com INT"]
[Date "2018.01.31"]
[Round "3"]
[White "Stukopin, Andrey"]
[Black "Ni, Hua"]
[Result "0-1"]
[WhiteTitle "GM"]
[BlackTitle "GM"]
[WhiteElo "2590"]
[BlackElo "2670"]
[WhiteTeam "Rio Grande Ospreys"]
[BlackTeam "Chengdu Pandas"]
[WhiteFideId "24107131"]
[BlackFideId "8601160"]
[EventDate "2018.01.18"]

1. e4 e5 2. Bc4 Nf6 3. d3 c6 4. Nf3 d5 5. Bb3 Bb4+ 6. Bd2 Bxd2+ 7. Qxd2 Qd6 8.
Qg5 Nbd7 9. Nc3 O-O 10. exd5 cxd5 11. O-O d4 12. Ne4 Nxe4 13. dxe4 Re8 14. c3
dxc3 15. bxc3 Nc5 16. Rad1 Qf6 17. Bd5 Be6 18. Bxe6 Qxe6 19. Qe3 b6 20. Rd5 f6
21. h3 Rac8 22. c4 Qc6 23. Nh4 g6 24. Rfd1 Qc7 25. Nf3 Qe7 26. h4 h5 27. Nd2 Rc7
28. g3 Ne6 29. Nb3 Rec8 30. Rd6 Nf8 31. c5 bxc5 32. Na5 c4 33. Qc3 Ne6 34. R1d5
Nd4 35. Qe3 c3 36. Qh6 Qg7 37. Rd8+ Rxd8 38. Rxd8+ Kf7 39. Qe3 c2 40. Nb3 Ke7
41. Rxd4 exd4 42. Qxd4 c1=Q+ 43. Nxc1 Rxc1+ 44. Kg2 Rc7 45. Qb4+ Kf7 46. Qd6 Kg8 0-1

[Event "PRO League Group Stage"]
[Site "chess.com INT"]
[Date "2018.01.31"]
[Round "3"]
[White "Stukopin, Andrey"]
[Black "Xu, Xiangyu"]
[Result "1-0"]
[WhiteTitle "GM"]
[BlackTitle "GM"]
[WhiteElo "2590"]
[BlackElo "2545"]
[WhiteTeam "Rio Grande Ospreys"]
[BlackTeam "Chengdu Pandas"]
[WhiteFideId "24107131"]
[BlackFideId "8608288"]
[EventDate "2018.01.18"]

1. e4 e5 2. Bc4 Nf6 3. d3 c6 4. Nf3 d5 5. Bb3 Qc7 6. exd5 cxd5 7. O-O Be6 8. Nc3
Nc6 9. Bg5 O-O-O 10. Re1 Bc5 11. h3 h6 12. Bh4 e4 13. d4 Bb6 14. Nb5 Qd7 15. Ne5
Nxe5 16. dxe5 Qxb5 17. exf6 g5 18. Bg3 Qc5 19. c3 Bf5 20. Qh5 Rhe8 21. Qxf7 Qc6
22. Rad1 Rf8 23. Qe7 Qxf6 24. Qxf6 Rxf6 25. Rxd5 Re8 26. Re5 Rxe5 27. Bxe5 Rf8
28. Bg7 Rd8 29. g4 Bg6 30. Re2 Rd3 31. Kg2 e3 32. fxe3 Be4+ 33. Kf2 Rd6 34. Bd4
Bc7 35. Be5 Rc6 36. Bxc7 Kxc7 37. Kg3 Rf6 38. Rf2 Rd6 39. Bc2 Bc6 40. e4 Re6 41.
Kf3 Kd6 42. Ke3 Ke7 43. Rf5 Be8 44. Bb3 Rb6 45. Re5+ Kd8 46. Re6 Rb5 47. Rxh6
Re5 48. Rd6+ Ke7 49. Rd5 1-0

[Event "PRO League Group Stage"]
[Site "chess.com INT"]
[Date "2018.01.31"]
[Round "3"]
[White "Smirnov, Anton"]
[Black "Friedel, Joshua"]
[Result "1/2-1/2"]
[WhiteTitle "GM"]
[BlackTitle "GM"]
[WhiteElo "2527"]
[BlackElo "2562"]
[WhiteTeam "Australia Kangaroos"]
[BlackTeam "Las Vegas Desert Rats"]
[WhiteFideId "3208923"]
[BlackFideId "2017199"]
[EventDate "2018.01.18"]

1. e4 e5 2. Nf3 Nc6 3. Bb5 a6 4. Ba4 Nf6 5. O-O Be7 6. Re1 b5 7. Bb3 d6 8. c3
O-O 9. h3 Nb8 10. d4 Nbd7 11. Nbd2 Bb7 12. Bc2 Re8 13. a4 Bf8 14. Bd3 c6 15. b3
Qc7 16. Qc2 Rac8 17. Bb2 Nh5 18. Bf1 g6 19. g3 Bg7 20. Bg2 d5 21. dxe5 Nxe5 22.
Nxe5 Rxe5 23. c4 dxc4 24. bxc4 Re7 25. Bxg7 Nxg7 26. Qc3 Ne6 27. e5 c5 28. axb5
axb5 29. cxb5 Bxg2 30. Kxg2 Qb7+ 31. Ne4 Ng5 32. f3 Nxe4 33. Rxe4 Qxb5 34. h4 c4
35. h5 Qb3 36. Ra3 Qxc3 37. Rxc3 gxh5 38. f4 Rec7 39. Kh3 Kg7 40. f5 Rc5 41. g4
Re8 42. e6 fxe6 43. fxe6 Re7 44. Kh4 hxg4 45. Rxg4+ Kf6 46. Rf4+ Rf5 47. Rcxc4 1/2-1/2

[Event "PRO League Group Stage"]
[Site "chess.com INT"]
[Date "2018.01.31"]
[Round "3"]
[White "Smirnov, Anton"]
[Black "Paikidze, Nazi"]
[Result "1-0"]
[WhiteTitle "GM"]
[BlackTitle "IM"]
[WhiteElo "2527"]
[BlackElo "2352"]
[WhiteTeam "Australia Kangaroos"]
[BlackTeam "Las Vegas Desert Rats"]
[WhiteFideId "3208923"]
[BlackFideId "13603620"]
[EventDate "2018.01.18"]

1. e4 c6 2. d4 d5 3. e5 Bf5 4. Nf3 e6 5. Be2 Ne7 6. O-O h6 7. Nbd2 g5 8. Ne1 Bg6
9. Nb3 Nd7 10. a4 Bg7 11. Nd3 Qc7 12. a5 O-O-O 13. Ndc5 Nf8 14. Bd2 Nf5 15. Bb4
f6 16. a6 b6 17. exf6 Bxf6 18. Nb7 Rd7 19. Bh5 Be7 20. c3 Ng7 21. Be2 h5 22.
Bxe7 Rxe7 23. c4 g4 24. c5 b5 25. Nd6+ Kb8 26. Na5 Nf5 27. Bxb5 cxb5 28. Nxb5
Qc8 29. c6 Rhh7 30. Qb3 Ka8 31. Rfc1 Be8 32. Qb4 Ng6 33. Qc5 Rc7 34. Nxc7+ Qxc7
35. Rc3 Nd6 36. Rb3 Ne4 37. Qb4 Nf4 38. Qb7+ Qxb7 39. Rxb7 Rxb7 40. axb7+ Kb8
41. c7+ Kxc7 42. Rc1+ Kd7 43. b8=Q Ne2+ 44. Kf1 Nxc1 45. Qxa7+ Kd6 46. Qb8+ Kd7
47. Nb3 Nxb3 48. f3 Ned2+ 49. Ke2 gxf3+ 50. gxf3 Ke7 51. Kd3 Bg6+ 52. Kc3 Bf5
53. f4 Kf7 54. Qh8 Bg6 55. h3 Ke7 56. Qg7+ Bf7 57. Qh8 Bg6 58. Qg8 Bf7 59. Qg7
Ke8 60. f5 exf5 61. Qe5+ Kd7 62. Qxf5+ Ke7 63. Qg5+ Ke8 64. Qg7 Ke7 65. Qg5+ Ke8
66. Qe5+ Kd7 67. Qh8 Ke7 68. Qb8 Bg6 69. Qe5+ Kf7 70. Qxd5+ Kf6 71. Qe5+ Kf7 72.
d5 Kg8 73. d6 Nc5 74. Qd5+ Bf7 75. Qg5+ Kh7 76. Qe7 Nde4+ 77. Kd4 Kg6 78. d7
Nxd7 79. Qxe4+ Kf6 80. Qc6+ Ke7 81. b4 Be6 82. h4 Nf6 83. Qc7+ Bd7 84. b5 Ke6
85. b6 Ne8 86. Qe5+ Kf7 87. b7 1-0

[Event "PRO League Group Stage"]
[Site "chess.com INT"]
[Date "2018.01.31"]
[Round "3"]
[White "Salem, A.R. Saleh"]
[Black "Petrosyan, Manuel"]
[Result "1-0"]
[WhiteTitle "GM"]
[BlackTitle "GM"]
[WhiteElo "2642"]
[BlackElo "2570"]
[WhiteTeam "Delhi Dynamite"]
[BlackTeam "Armenia Eagles"]
[WhiteFideId "9301348"]
[BlackFideId "13300857"]
[EventDate "2018.01.18"]

1. e4 e5 2. f4 d5 3. exd5 exf4 4. Nf3 Nf6 5. Bc4 Bd6 6. Qe2+ Qe7 7. Qxe7+ Kxe7
8. d4 Bf5 9. Bb3 a5 10. c4 Bb4+ 11. Nc3 a4 12. Bd1 Ne4 13. O-O Nxc3 14. bxc3
Bxc3 15. Ba3+ Kf6 16. Rc1 Ba5 17. g4 Bxg4 18. Ne5 Bf5 19. Rxf4 g6 20. Rc2 Kg7
21. Rg2 f6 22. Rxf5 fxe5 23. dxe5 Re8 24. e6 Na6 25. Rf7+ Kg8 26. Bb2 Bb6+ 27.
Kh1 Rad8 28. Bc2 a3 29. Bc3 c6 30. Rg3 cxd5 31. Rg7+ Kh8 32. Rxh7+ 1-0

[Event "PRO League Group Stage"]
[Site "chess.com INT"]
[Date "2018.01.31"]
[Round "3"]
[White "Salem, A.R. Saleh"]
[Black "Andriasian, Zaven"]
[Result "1/2-1/2"]
[WhiteTitle "GM"]
[BlackTitle "GM"]
[WhiteElo "2642"]
[BlackElo "2585"]
[WhiteTeam "Delhi Dynamite"]
[BlackTeam "Armenia Eagles"]
[WhiteFideId "9301348"]
[BlackFideId "13302000"]
[EventDate "2018.01.18"]

1. e4 c5 2. Nf3 d6 3. d4 cxd4 4. Nxd4 Nf6 5. Nc3 a6 6. Bg5 e6 7. Qf3 Nbd7 8.
O-O-O Qc7 9. Bd3 b5 10. Rhe1 Ne5 11. Qg3 b4 12. Nd5 exd5 13. Bxf6 gxf6 14. exd5
Bb7 15. f4 O-O-O 16. fxe5 dxe5 17. Bf5+ Kb8 18. Nc6+ Bxc6 19. dxc6 Bh6+ 20. Kb1
Qxc6 21. Qb3 Qb7 22. a3 a5 23. Rxd8+ Rxd8 24. Be4 Qb6 25. Bf3 Bf8 26. a4 Qc7 27.
Re4 Bc5 28. Qc4 Rd4 29. Qb5+ Ka7 30. Re1 Bb6 31. Be4 h6 32. Qe2 Qd7 33. Qh5 b3
34. Bf5 bxc2+ 35. Bxc2 Rb4 36. Bf5 Qb7 37. Qf3 Qxf3 38. gxf3 Bd4 39. Re2 Rxa4
40. Kc2 Rb4 41. b3 Rb7 42. Rd2 Rc7+ 43. Kd1 Rb7 44. Kc2 Kb6 45. Be4 Rc7+ 46. Kd1
Rc3 47. Rd3 Rc8 48. Rd2 Kb5 49. Rc2 Bc3 50. Ke2 Rc5 51. Ra2 Kb4 52. Bc2 Bd4 53.
Kd2 Rc3 54. Ra4+ Kb5 55. Bd3+ Kb6 56. b4 axb4 57. Rxb4+ Kc5 58. Rb7 Kd6 59. Rxf7
Ke6 60. Rh7 Ra3 61. Rxh6 Ra2+ 62. Ke1 Rb2 63. h4 Bf2+ 64. Kd1 Be3 65. Bc4+ Kf5
66. Bd3+ Ke6 67. Bc4+ Kf5 68. Bd3+ Kf4 69. Rxf6+ Kg3 70. Bc2 Kxh4 71. Rg6 Bg5
72. Rg8 Ra2 73. Rg7 Rb2 74. Rg8 Ra2 75. Rg7 Rb2 1/2-1/2

[Event "PRO League Group Stage"]
[Site "chess.com INT"]
[Date "2018.01.31"]
[Round "3"]
[White "Aradhya, Garg"]
[Black "Melkumyan, Hrant"]
[Result "0-1"]
[BlackTitle "GM"]
[WhiteElo "2289"]
[BlackElo "2654"]
[WhiteTeam "Delhi Dynamite"]
[BlackTeam "Armenia Eagles"]
[WhiteFideId "25006746"]
[BlackFideId "13302485"]
[EventDate "2018.01.18"]

1. Nf3 Nf6 2. c4 g6 3. Nc3 Bg7 4. g3 b6 5. Bg2 Bb7 6. O-O O-O 7. d4 Ne4 8. Nxe4
Bxe4 9. d5 d6 10. a4 a5 11. Nd4 Bxg2 12. Kxg2 Qd7 13. e4 e5 14. Nb5 Na6 15. Be3
f5 16. f3 Rf7 17. Qd2 Raf8 18. Nc3 h5 19. f4 Nc5 20. Bxc5 bxc5 21. fxe5 Bxe5 22.
Qh6 Rg7 23. exf5 Rxf5 24. Ne4 Rxf1 25. Rxf1 Qg4 26. Qe3 Bd4 27. Nf6+ Bxf6 28.
Qe8+ Kh7 29. Rxf6 Qd7 30. Rf8 Qxe8 31. Rxe8 g5 32. Ra8 Re7 33. Rxa5 Re2+ 34. Kg1
Rxb2 35. Ra7 Kg6 36. Rxc7 Kf5 37. Rd7 Ke5 38. Rg7 g4 39. Rg5+ Kd4 40. Rxh5 Kxc4
41. Rg5 Kd3 42. Rxg4 c4 43. Rf4 c3 44. Rf3+ Kc4 45. Rf8 c2 46. Rc8+ Kxd5 47. h4
Rb1+ 48. Kg2 c1=Q 49. Rxc1 Rxc1 50. h5 Ke6 51. h6 Kf6 0-1

[Event "PRO League Group Stage"]
[Site "chess.com INT"]
[Date "2018.01.31"]
[Round "3"]
[White "Sargissian, Gabriel"]
[Black "Brown, Michael William"]
[Result "1-0"]
[WhiteTitle "GM"]
[BlackTitle "IM"]
[WhiteElo "2677"]
[BlackElo "2506"]
[WhiteTeam "Seattle Sluggers"]
[BlackTeam "San Diego Surfers"]
[WhiteFideId "13300881"]
[BlackFideId "2037602"]
[EventDate "2018.01.18"]

1. d4 Nf6 2. Nf3 e6 3. c4 Bb4+ 4. Bd2 a5 5. g3 d5 6. Bg2 O-O 7. O-O b6 8. Bg5
Be7 9. Nc3 Bb7 10. Ne5 Nbd7 11. Nxd7 Qxd7 12. cxd5 exd5 13. e3 Rfd8 14. Rc1 h6
15. Bxf6 Bxf6 16. a3 a4 17. Qc2 Ra5 18. Rfd1 Ba6 19. Bf1 Bxf1 20. Kxf1 c5 21.
dxc5 Bxc3 22. Qxc3 Rxc5 23. Qd4 Rdc8 24. Rxc5 Rxc5 25. Qd3 Qc6 26. Rd2 h5 27.
Kg2 g6 28. h4 d4+ 29. e4 Rc4 30. Qf3 b5 31. e5 Qe6 32. Qe4 d3 33. Qxd3 Qxe5 34.
Re2 Qf6 35. Qd5 Qc6 36. Qxc6 Rxc6 37. Re5 b4 38. axb4 Rc2 39. Ra5 Rxb2 40. Rxa4
Kg7 41. Kf3 Kh7 42. Ke3 Kg7 43. Kd3 Rxf2 44. b5 Rb2 45. Kc4 g5 46. Rb4 Rc2+ 47.
Kd5 gxh4 48. gxh4 Rc8 49. b6 f5 50. b7 Rb8 51. Kc6 Kf6 52. Kc7 Rh8 53. b8=Q Rxb8
54. Kxb8 Ke5 55. Kc7 f4 56. Rb5+ Ke4 57. Rxh5 f3 58. Rh8 1-0

[Event "PRO League Group Stage"]
[Site "chess.com INT"]
[Date "2018.01.31"]
[Round "3"]
[White "Sargissian, Gabriel"]
[Black "Hilby, Craig"]
[Result "1-0"]
[WhiteTitle "GM"]
[BlackTitle "IM"]
[WhiteElo "2677"]
[BlackElo "2390"]
[WhiteTeam "Seattle Sluggers"]
[BlackTeam "San Diego Surfers"]
[WhiteFideId "13300881"]
[BlackFideId "2062674"]
[EventDate "2018.01.18"]

1. d4 Nf6 2. Nf3 g6 3. g3 Bg7 4. Bg2 O-O 5. O-O d5 6. c4 dxc4 7. Na3 c3 8. bxc3
c5 9. e3 Nc6 10. Bb2 Qb6 11. Nc4 Qa6 12. Nce5 Nxe5 13. Nxe5 cxd4 14. cxd4 Be6
15. Qd3 Qxd3 16. Nxd3 Bd5 17. Ba3 Bxg2 18. Kxg2 Rfe8 19. Rfc1 Rab8 20. Rc2 Bf8
21. Rac1 e6 22. Bxf8 Kxf8 23. Ne5 Re7 24. g4 Nd7 25. Rc8+ Kg7 26. R8c7 1-0

[Event "PRO League Group Stage"]
[Site "chess.com INT"]
[Date "2018.01.31"]
[Round "3"]
[White "Gretarsson, Hjorvar Steinn"]
[Black "Borisek, Jure"]
[Result "1/2-1/2"]
[WhiteTitle "GM"]
[BlackTitle "GM"]
[WhiteElo "2565"]
[BlackElo "2576"]
[WhiteTeam "Reykjavik Puffins"]
[BlackTeam "Ljubljana Turtles"]
[WhiteFideId "2302241"]
[BlackFideId "14603152"]
[EventDate "2018.01.18"]

1. d4 d5 2. c4 dxc4 3. e4 e5 4. Nf3 exd4 5. Bxc4 Nc6 6. O-O Be6 7. Bb5 Bc5 8. b4
Bb6 9. a4 a6 10. Bxc6+ bxc6 11. a5 Ba7 12. Bb2 Nf6 13. Bxd4 Nxe4 14. Bxa7 Qxd1
15. Rxd1 Rxa7 16. Re1 Nd6 17. Nd4 Kd7 18. Nc3 Rb7 19. Na4 Rxb4 20. Nc5+ Kc8 21.
Nxc6 Rc4 22. Rac1 Re8 23. Na7+ Kb8 24. Nc6+ Kc8 25. Na7+ Kb8 26. Nc6+ Kc8 27.
Na7+ Kb8 28. Nc6+ 1/2-1/2

[Event "PRO League Group Stage"]
[Site "chess.com INT"]
[Date "2018.01.31"]
[Round "3"]
[White "Gretarsson, Hjorvar Steinn"]
[Black "Pavasovic, Dusko"]
[Result "1-0"]
[WhiteTitle "GM"]
[BlackTitle "GM"]
[WhiteElo "2565"]
[BlackElo "2540"]
[WhiteTeam "Reykjavik Puffins"]
[BlackTeam "Ljubljana Turtles"]
[WhiteFideId "2302241"]
[BlackFideId "14600986"]
[EventDate "2018.01.18"]

1. d4 d5 2. c4 e6 3. Nc3 c6 4. cxd5 exd5 5. Qc2 Nf6 6. Bg5 Be7 7. e3 g6 8. Bd3
Nbd7 9. Nge2 Nh5 10. Bxe7 Qxe7 11. O-O-O f5 12. Kb1 Ndf6 13. Rhe1 O-O 14. Ng1
Ne4 15. Na4 Nhf6 16. f3 Nd6 17. Nh3 Bd7 18. Nf2 b6 19. h3 Rac8 20. g4 c5 21.
dxc5 bxc5 22. Nc3 Rb8 23. g5 Nh5 24. Nxd5 Qxg5 25. Qxc5 Qg3 26. Re2 Qe5 27. f4
Qe6 28. Nc7 Qf6 29. Qxd6 1-0

[Event "PRO League Group Stage"]
[Site "chess.com INT"]
[Date "2018.01.31"]
[Round "3"]
[White "Tari, Aryan"]
[Black "Pruijssers, Roeland"]
[Result "1/2-1/2"]
[WhiteTitle "GM"]
[BlackTitle "GM"]
[WhiteElo "2599"]
[BlackElo "2536"]
[WhiteTeam "Norway Gnomes"]
[BlackTeam "Oslo Trolls"]
[WhiteFideId "1510045"]
[BlackFideId "1013068"]
[EventDate "2018.01.18"]

1. d4 f5 2. c4 Nf6 3. Nc3 d6 4. Bg5 Nbd7 5. e3 g6 6. Nf3 Bg7 7. Bd3 O-O 8. O-O
e5 9. c5 exd4 10. exd4 dxc5 11. Bc4+ Kh8 12. dxc5 Nxc5 13. Qxd8 Rxd8 14. Ne5 Rf8
15. Nf7+ Kg8 16. Nh6+ Kh8 17. Nf7+ Kg8 18. Nd8+ Kh8 19. Nf7+ Kg8 1/2-1/2

[Event "PRO League Group Stage"]
[Site "chess.com INT"]
[Date "2018.01.31"]
[Round "3"]
[White "Tari, Aryan"]
[Black "Kaasen, Tor Fredrik"]
[Result "1-0"]
[WhiteTitle "GM"]
[BlackTitle "FM"]
[WhiteElo "2599"]
[BlackElo "2340"]
[WhiteTeam "Norway Gnomes"]
[BlackTeam "Oslo Trolls"]
[WhiteFideId "1510045"]
[BlackFideId "1516647"]
[EventDate "2018.01.18"]

1. Nf3 Nf6 2. d4 e6 3. Bg5 d5 4. Nbd2 Be7 5. e3 Nbd7 6. Bd3 O-O 7. c3 c5 8. O-O
h6 9. Bh4 b6 10. a4 a6 11. Ne5 Bb7 12. f4 Ne4 13. Bxe7 Qxe7 14. a5 b5 15. Nxd7
Qxd7 16. Bxe4 dxe4 17. Nb3 cxd4 18. Nc5 Qe7 19. cxd4 Bd5 20. b4 f5 21. Rc1 Ra7
22. Qh5 Kh7 23. Rc3 g6 24. Qh3 Rg8 25. Kf2 g5 26. fxg5 Qxg5 27. Kg1 Qg6 28. Rf4
Bc4 29. Rc2 Bd5 30. Rcf2 Rgg7 31. Kf1 Rg8 32. Ke1 Rgg7 33. Kd2 Rg8 34. Kc3 Rgg7
35. Kb2 Rg8 36. Ka3 Rgg7 37. g3 Rg8 38. Rh4 Qg5 39. Rff4 Rc7 40. Rh5 Qf6 41. g4
Rxg4 42. Qxg4 fxg4 43. Rxf6 1-0

[Event "PRO League Group Stage"]
[Site "chess.com INT"]
[Date "2018.01.31"]
[Round "3"]
[White "Shetty, Atulya"]
[Black "Bartholomew, John"]
[Result "1-0"]
[WhiteTitle "IM"]
[BlackTitle "IM"]
[WhiteElo "2389"]
[BlackElo "2459"]
[WhiteTeam "Pittsburgh Pawngrabbers"]
[BlackTeam "Minnesota Blizzard"]
[WhiteFideId "2031213"]
[BlackFideId "2019353"]
[EventDate "2018.01.18"]

1. d4 d5 2. c4 c6 3. Nf3 Nf6 4. Qc2 dxc4 5. e4 b5 6. b3 cxb3 7. axb3 e6 8. Bd2
a5 9. Bd3 Bb7 10. O-O Nbd7 11. Rc1 b4 12. e5 Nd5 13. Bxh7 Be7 14. h4 Qb6 15. Bg5
Bxg5 16. hxg5 g6 17. Bxg6 fxg6 18. Qxg6+ Kd8 19. Nbd2 c5 20. dxc5 Qb5 21. Nd4
Nf4 22. Nxb5 Nxg6 23. c6 Ba6 24. Rxa5 Nb6 25. c7+ Kd7 26. Nd6 Nxe5 27. Rxe5 Kxd6
28. Rec5 Nd5 29. Ne4+ Ke7 30. f3 Nf4 31. Rd1 Nd3 32. Rc6 Ne5 33. Rc5 Nd3 34. Rc6
Ne5 35. Rcd6 Rhc8 36. f4 Ng4 37. Rd7+ Kf8 38. g6 Bb5 39. Rf7+ Kg8 40. Nd6 Ne3
41. Nxc8 Nxd1 42. Ne7+ Kh8 43. g7+ Kh7 44. g8=Q+ 1-0

[Event "PRO League Group Stage"]
[Site "chess.com INT"]
[Date "2018.01.31"]
[Round "3"]
[White "Shetty, Atulya"]
[Black "Gurevich, Daniel"]
[Result "0-1"]
[WhiteTitle "IM"]
[BlackTitle "IM"]
[WhiteElo "2389"]
[BlackElo "2483"]
[WhiteTeam "Pittsburgh Pawngrabbers"]
[BlackTeam "Minnesota Blizzard"]
[WhiteFideId "2031213"]
[BlackFideId "2044676"]
[EventDate "2018.01.18"]

1. Nf3 d5 2. c4 dxc4 3. e3 Nf6 4. Bxc4 e6 5. O-O c5 6. Qe2 Nc6 7. Rd1 a6 8. d4
b5 9. dxc5 Qc7 10. Bd3 Bxc5 11. a4 bxa4 12. Rxa4 O-O 13. Bxa6 Qb6 14. Bb5 Rxa4
15. Bxa4 Ba6 16. Qd2 Nb4 17. Ne5 Ne4 18. Qd7 Nd5 19. Qc6 Qa5 20. Bc2 Bb5 21. Bd2
Bb4 22. Bxb4 Qxb4 23. Qb7 Nd6 24. Qa7 Qxb2 25. Ba4 Qxe5 26. Bxb5 Nxb5 27. Qc5
Qb2 28. Re1 g6 29. h3 Rd8 30. Rc1 Nf6 31. Rf1 Rd5 32. Qb6 Qe2 33. Qa6 Rd1 34.
Rxd1 Qxd1+ 35. Kh2 Qxb1 0-1

[Event "PRO League Group Stage"]
[Site "chess.com INT"]
[Date "2018.01.31"]
[Round "3"]
[White "Tokranovs, Dmitrijs"]
[Black "Dudukin, Ilya"]
[Result "1/2-1/2"]
[WhiteTitle "FM"]
[BlackTitle "FM"]
[WhiteElo "2354"]
[BlackElo "2396"]
[WhiteTeam "Riga Magicians"]
[BlackTeam "Volga Stormbringers"]
[WhiteFideId "11603011"]
[BlackFideId "4148576"]
[EventDate "2018.01.18"]

1. e4 c5 2. c3 Nf6 3. e5 Nd5 4. d4 cxd4 5. Nf3 Nc6 6. cxd4 d6 7. Bc4 Nb6 8. Bb5
Bd7 9. exd6 e6 10. Nc3 Bxd6 11. a3 Ne7 12. Bd3 Bc6 13. O-O Nbd5 14. Ne4 O-O 15.
Qc2 h6 16. Ne5 Rc8 17. Qe2 Nf5 18. Nxd6 Qxd6 19. Bxf5 exf5 20. Qd3 Qf6 21. Bd2
Rfd8 22. Rac1 Ne7 23. Nxc6 Rxc6 24. Bc3 Nd5 25. h3 Nf4 26. Qf3 Qg5 27. h4 Qxh4
28. g3 Rg6 29. Bd2 Ne6 30. Qxf5 Nxd4 31. Qxg6 Nf3+ 32. Kg2 Qh2+ 33. Kxf3 fxg6
34. Rh1 Qxh1+ 35. Rxh1 Rxd2 36. Rb1 Kf7 37. Ke3 Rc2 38. a4 Ke6 39. b4 b6 40. Kf3
Ra2 41. Re1+ Kf6 42. a5 bxa5 43. bxa5 Ra3+ 44. Kg2 Rxa5 45. Rc1 Ra6 46. Rc7 h5
47. f4 Ra2+ 48. Kh3 a5 49. Ra7 a4 50. Ra6+ Kf5 51. Ra7 Kf6 52. Ra5 a3 53. Ra7
Ra1 54. Kg2 a2 55. Ra8 Kf5 56. Ra6 Ke4 57. Ra7 h4 58. Ra4+ Kf5 59. gxh4 Kg4 60.
Kh2 Kxh4 61. Kg2 Kg4 62. Kh2 g5 63. fxg5+ Kxg5 64. Kg2 g6 65. Ra8 Kf4 66. Ra4+
Ke3 67. Ra3+ Kd2 68. Ra8 Kc2 69. Rc8+ Kd3 70. Rd8+ Ke3 71. Re8+ Kf4 72. Rf8+ Kg4
73. Ra8 g5 74. Ra4+ Kh5 75. Ra5 Kg6 76. Ra6+ Kh5 77. Ra5 Kh4 78. Ra4+ g4 79. Ra5
g3 80. Ra4+ Kg5 81. Ra5+ Kf4 82. Ra4+ Ke5 83. Ra5+ Kd4 84. Ra8 Kc3 85. Rc8+ Kb2
86. Rb8+ Kc1 87. Rc8+ Kd1 88. Rd8+ 1/2-1/2

[Event "PRO League Group Stage"]
[Site "chess.com INT"]
[Date "2018.01.31"]
[Round "3"]
[White "Tokranovs, Dmitrijs"]
[Black "Demidov, Mikhail"]
[Result "0-1"]
[WhiteTitle "FM"]
[BlackTitle "IM"]
[WhiteElo "2354"]
[BlackElo "2523"]
[WhiteTeam "Riga Magicians"]
[BlackTeam "Volga Stormbringers"]
[WhiteFideId "11603011"]
[BlackFideId "4197143"]
[EventDate "2018.01.18"]

1. e4 e6 2. d4 d5 3. exd5 exd5 4. Bd3 c5 5. c3 Nf6 6. Nf3 Be7 7. dxc5 Bxc5 8.
O-O O-O 9. Nbd2 Nc6 10. Nb3 Bb6 11. Bg5 h6 12. Bh4 g5 13. Bg3 Ne4 14. Bxe4 dxe4
15. Ne5 f5 16. Nxc6 bxc6 17. Bd6 Rf7 18. Be5 Qe7 19. Bd6 Qf6 20. Bc5 Ba6 21. Re1
Rd8 22. Qh5 Rfd7 23. Bd4 Bxd4 24. Nxd4 Bc4 25. Qh3 Rf7 26. Qe3 Bd5 27. Rad1 Bxa2
28. f3 Bd5 29. c4 Bxc4 30. fxe4 fxe4 31. Qxe4 Rfd7 32. Nxc6 Rxd1 33. Ne7+ Kh8
34. Ng6+ Kg7 0-1

[Event "PRO League Group Stage"]
[Site "chess.com INT"]
[Date "2018.01.31"]
[Round "3"]
[White "Bacrot, Etienne"]
[Black "Bauer, Christian"]
[Result "1/2-1/2"]
[WhiteTitle "GM"]
[BlackTitle "GM"]
[WhiteElo "2722"]
[BlackElo "2625"]
[WhiteTeam "Marseille Migraines"]
[BlackTeam "London Lions"]
[WhiteFideId "605506"]
[BlackFideId "603767"]
[EventDate "2018.01.18"]

1. e4 c6 2. Nf3 d5 3. Nc3 dxe4 4. Nxe4 Nf6 5. Qe2 Bg4 6. Nxf6+ gxf6 7. h3 Bh5 8.
d3 e6 9. Bd2 Na6 10. a3 Nc5 11. g4 Bg6 12. Nh4 Bd6 13. Bg2 Qc7 14. Bc3 Nd7 15.
O-O-O O-O-O 16. Kb1 Be5 17. Bxe5 fxe5 18. Rhe1 Rhe8 19. Nxg6 hxg6 20. g5 Rh8 21.
Qf3 Nb6 22. Qe3 Rh4 23. Qxe5 Qxe5 24. Rxe5 Rf4 25. Rf1 Rh8 26. Re4 Nd5 27. Re5
Ne7 28. Re4 Nd5 29. Re5 Ne7 30. Re4 1/2-1/2

[Event "PRO League Group Stage"]
[Site "chess.com INT"]
[Date "2018.01.31"]
[Round "3"]
[White "Bacrot, Etienne"]
[Black "Tan, Justin2"]
[Result "1-0"]
[WhiteTitle "GM"]
[BlackTitle "IM"]
[WhiteElo "2722"]
[BlackElo "2466"]
[WhiteTeam "Marseille Migraines"]
[BlackTeam "London Lions"]
[WhiteFideId "605506"]
[BlackFideId "3206882"]
[EventDate "2018.01.18"]

1. Nf3 d5 2. d4 Nf6 3. c4 e6 4. Nc3 dxc4 5. e3 a6 6. a4 c5 7. Bxc4 Nc6 8. O-O
cxd4 9. exd4 Be7 10. Re1 O-O 11. Bf4 Nb4 12. Rc1 b6 13. Ne5 Bb7 14. Nxf7 Rxf7
15. Bxe6 Kf8 16. Be5 Bd6 17. Bxf7 Kxf7 18. Qb3+ Kf8 19. Bxd6+ Qxd6 20. Re6 Qxd4
21. Ne2 Qg4 22. f3 Bxf3 23. Qxf3 Qxe6 24. Qxa8+ Ke7 25. Qf3 Qe5 26. Qc3 Qxc3 27.
Rxc3 Kd6 28. Rc4 Nfd5 29. Nc3 Nxc3 30. Rxb4 Nd5 31. Rh4 h6 32. Kf2 Ke5 33. g3
Nf6 34. Ke2 h5 35. Rb4 Nd5 36. Rc4 g5 37. Kd3 Kf5 38. a5 b5 39. Rc5 Ke5 40. Rc8
h4 41. gxh4 gxh4 42. Rh8 Nb4+ 43. Kc3 Nd5+ 44. Kd2 1-0